| 000 | 00384nam a2200157Ia 4500 | ||
|---|---|---|---|
| 005 | 20250311055424.0 | ||
| 008 | 240331s9999 xx 000 0 und d | ||
| 082 |
_bBAL _a894 |
||
| 245 | 0 | _aTamil illakkiya vimarsakarkal | |
| 250 | _a2nd | ||
| 260 |
_aSivagangai _bAnam pvt Ltd _c1992 |
||
| 300 | _a96 p ., | ||
| 650 | _aTamil Illakiya Katoorighal | ||
| 700 |
_aBala _eedt |
||
| 942 | _cL | ||
| 999 |
_c4213 _d4213 |
||